MARC

LEADER 00000naa2a2200000 4500
001 621395
005 20251206132806.0
035 |a (RuTPU)RU\TPU\conf\19976 
035 |a RU\TPU\conf\19975 
090 |a 621395 
100 |a 20161219d2016 k y0engy50 ba 
101 0 |a eng 
102 |a RU 
105 |a y z 101zy 
135 |a drgn ---uucaa 
181 0 |a i  
182 0 |a b 
200 1 |a Invesigation of SiC ceramics, modified by intense electron beam  |f M. S. Petyukevich [et al.] 
203 |a Текст  |c электронный 
300 |a Title screen 
463 0 |0 (RuTPU)RU\TPU\conf\19513  |t Energy Fluxes and Radiation Effects (EFRE-2016)  |o International Congress, October 2–7, 2016, Tomsk, Russia  |o abstracts  |f National Research Tomsk Polytechnic University (TPU) ; eds. B. M. Kovalchuk [et al.]  |v [P. 302]  |d 2016 
610 1 |a труды учёных ТПУ 
610 1 |a электронный ресурс 
610 1 |a керамика 
610 1 |a карбид кремния 
610 1 |a интенсивные пучки 
610 1 |a электронные пучки 
610 1 |a SiC 
610 1 |a ceramic 
610 1 |a electron 
610 1 |a beam 
610 1 |a SPS 
701 1 |a Petyukevich  |b M. S.  |c Specialist in the field of material science  |c Engineer of Tomsk Polytechnic University  |f 1982-  |g Mariya Stanislavovna  |3 (RuTPU)RU\TPU\pers\35551  |9 18732 
701 1 |a Ivanov  |b Yu. F.  |c physicist  |c Professor of Tomsk Polytechnic University, Doctor of physical and mathematical sciences  |f 1955-  |g Yuriy Fedorovich  |3 (RuTPU)RU\TPU\pers\33559 
701 1 |a Khasanov  |b O. L.  |c Russian physicist, materials scientist, Doctor of Engineering  |c professor, Director of TPU Nano-Centre and Head of the Department "Nanomaterials and Nanotechnologies" of TPU  |f 1958-  |g Oleg Leonidovich  |3 (RuTPU)RU\TPU\pers\27102  |9 12652 
701 1 |a Polisadova  |b V. V.  |c Chemical Engineer  |c engineer-researcher of Tomsk Polytechnic University  |f 1947-  |g Valentina Valentinovna  |3 (RuTPU)RU\TPU\pers\34598  |9 17960 
701 1 |a Khasanov  |b A. O.  |c Chemical Engineer  |c Engineer of Tomsk Polytechnic University  |f 1987-  |g Aleksey Olegovich  |3 (RuTPU)RU\TPU\pers\31510 
701 1 |a Teresov  |b A.  |g Anton 
712 0 2 |a Национальный исследовательский Томский политехнический университет  |c (2009- )  |9 26305 
801 2 |a RU  |b 63413507  |c 20170209  |g RCR 
856 4 |u http://earchive.tpu.ru/handle/11683/35852 
942 |c BK